[Event "Standard Master Norm 30+3"]
[Site "SchemingMind.com"]
[Date "2009.04.09"]
[Round "-"]
[White "calipo"]
[Black "sthorwall"]
[Result "1-0"]
[WhiteCountry "ARG"]
[BlackCountry "USA"]
[WhiteElo "2366"]
[WhiteRD "87"]
[BlackElo "1939"]
[BlackRD "68"]
[GameID "199486"]

1. e4 e5 2. Nf3 Nc6 3. Bb5 Bc5 4. c3 Nf6 5. d4 exd4 6. e5 Nd5 7. O-O a6 8. Ba4 Be7 9. cxd4 d6 10. Nc3 Nxc3
11. bxc3 O-O 12. Bc2 d5 13. Qd3 g6 14. Bh6 Re8 15. Qe3 Bg4 16. Ng5 f6 17. Qg3 Qc8 18. exf6 Bxf6 19. Bb3 Ne7 20. Ne4 Bg7
21. Bxg7 Kxg7 22. Qe5+ Kh6 23. Nf6 Qf5 24. Rae1 Qxe5 25. Nxg4+
1-0

[Event "Standard Master Norm 30+3"]
[Site "SchemingMind.com"]
[Date "2009.04.11"]
[Round "-"]
[White "sthorwall"]
[Black "calipo"]
[Result "1/2-1/2"]
[WhiteCountry "USA"]
[BlackCountry "ARG"]
[WhiteElo "1957"]
[WhiteRD "70"]
[BlackElo "2364"]
[BlackRD "90"]
[GameID "199487"]

1. e4 c5 2. Nc3 d6 3. f4 g6 4. Nf3 Bg7 5. d4 Nf6 6. dxc5 Qa5 7. Qd3 Qxc5 8. Be3 Qa5 9. O-O-O Nc6 10. Qb5 Qxb5
11. Bxb5 Ng4 12. Bd4 Bxd4 13. Rxd4 Bd7 14. Rd2 a6 15. Bxc6 Bxc6 16. Re1= Rc8 17. h3 Nf6 18. e5 dxe5 19. Nxe5 e6 20. g4 O-O
21. g5 Nh5 22. Rd4 Bg2 23. h4 Rfd8 24. Red1 f6 25. gxf6 Rxd4 26. f7+ Kf8 27. Rxd4 Bc6 28. Ne2 Bh1 29. c4 Nf6 30. Kd2 Be4
31. Nc3 Bc6 32. b3 Ke7 33. a4 Rf8 34. c5 Nd7 35. Nxd7 Bxd7 36. Ne4 Rxf7 37. Nd6 e5 38. fxe5 Rf2+ 39. Ke3 Rf1 40. Nxb7 Re1+
41. Kf4 Rf1+ 42. Kg3 Rc1 43. b4 Bxa4 44. Nd8 Bd7 45. Kf4 h6 46. Kg3 Rc3+ 47. Kf2 g5 48. hxg5 hxg5 49. Ke2 a5 50. c6 Bxc6
51. Nxc6+ Rxc6 52. bxa5 Rc5 53. Ra4=
1/2-1/2

[Event "Standard Master Norm 30+3"]
[Site "SchemingMind.com"]
[Date "2009.04.08"]
[Round "-"]
[White "Milan"]
[Black "calipo"]
[Result "0-1"]
[WhiteCountry "CZE"]
[BlackCountry "ARG"]
[WhiteElo "1800"]
[WhiteRD "58"]
[BlackElo "2313"]
[BlackRD "90"]
[GameID "199548"]

1. d4 Nf6 2. Nf3 g6 3. e3 Bg7 4. c3 O-O 5. Be2 d5 6. O-O Bf5 7. Nbd2 Nbd7 8. Nh4 e6 9. Nxf5 exf5 10. Rb1 c5
11. dxc5 Nxc5 12. Nf3 Re8 13. Nd4 Rc8 14. Bb5 Re7 15. Nb3 Nce4 16. Nd4 a6 17. Be2 Qb6 18. Qb3 Qc7 19. h3 Nc5 20. Qd1 Nce4
21. Qb3 Rd7 22. Qd1 Nc5 23. Bd2 Nfe4 24. Bc1 Qa5 25. Ra1 Qd8 26. Rb1 Qc7 27. Bd2 Re8 28. Bc1 Qa5 29. Ra1 Ne6 30. Nb3 Qb6
31. Nd4 Be5 32. Rb1 Nxc3
0-1

[Event "Standard Master Norm 30+3"]
[Site "SchemingMind.com"]
[Date "2009.04.11"]
[Round "-"]
[White "Milan"]
[Black "sthorwall"]
[Result "1-0"]
[WhiteCountry "CZE"]
[BlackCountry "USA"]
[WhiteElo "1834"]
[WhiteRD "62"]
[BlackElo "1839"]
[BlackRD "57"]
[GameID "199549"]

1. d4 f5 2. e4 d6 3. Nc3 Nf6 4. exf5 Bxf5 5. Bd3 Bxd3 6. Qxd3 e6 7. Nf3 Nc6 8. a3 Nd5 9. Nxd5 exd5 10. O-O Qf6
11. Bg5 Qf7 12. Rfe1+ Be7 13. Bxe7 Nxe7 14. Ng5 Qg6 15. Qxg6+ hxg6 16. Ne6 Kd7 17. Re2 Rac8 18. Rae1 Nf5 19. c3 Rhe8 20. Nf4 Rxe2
21. Rxe2 c5 22. dxc5 Rxc5 23. h3 d4 24. cxd4 Nxd4 25. Rd2 Rc1+ 26. Kh2 g5 27. Rxd4 gxf4 28. Rxf4 d5 29. Rf7+ Kc6 30. Rxg7 d4
31. Rg3 Rc2 32. f4 Rxb2 33. Rf3 Rb5 34. f5 d3 35. f6 d2 36. f7 d1=Q 37. Rf6+ Kc5 38. f8=Q+ Kc4 39. Qf7+ Rd5 40. Qxb7 Qd2
41. Qxa7 Qd4 42. Qxd4+ Kxd4 43. h4 Ra5 44. Rf3 Ke4 45. Kg3
1-0

[Event "Standard Master Norm 30+3"]
[Site "SchemingMind.com"]
[Date "2009.04.09"]
[Round "-"]
[White "calipo"]
[Black "Milan"]
[Result "0-1"]
[WhiteCountry "ARG"]
[BlackCountry "CZE"]
[WhiteElo "2313"]
[WhiteRD "90"]
[BlackElo "1800"]
[BlackRD "58"]
[GameID "199550"]

1. e4 c6 2. d4 d5 3. Nc3 dxe4 4. Nxe4 Bf5 5. Ng3 Bg6 6. h4 h6 7. Nf3 Nd7 8. h5 Bh7 9. Bd3 Bxd3 10. Qxd3 e6
11. Bf4 Ngf6 12. O-O-O Qa5 13. Kb1 Nd5 14. Bd2 Qb5 15. c4 Qa6 16. Ne5 Nxe5 17. dxe5 Rd8 18. Qe2 Nc7 19. Ne4 Be7
0-1

[Event "Standard Master Norm 30+3"]
[Site "SchemingMind.com"]
[Date "2009.04.11"]
[Round "-"]
[White "sthorwall"]
[Black "Milan"]
[Result "0-1"]
[WhiteCountry "USA"]
[BlackCountry "CZE"]
[WhiteElo "1839"]
[WhiteRD "57"]
[BlackElo "1834"]
[BlackRD "62"]
[GameID "199551"]

1. e4 c6 2. c4 d5 3. exd5 cxd5 4. d4 Nf6 5. Nc3 e6 6. Nf3 Bb4 7. cxd5 Nxd5 8. Bd2 Nc6 9. Bd3 O-O 10. O-O Nxc3
11. bxc3 Be7 12. Qc2 h6 13. Bf4 Bd6 14. Bxd6 Qxd6 15. Bb5 Bd7 16. Qb2 Rab8 17. Rfe1 a6 18. Bxc6 Bxc6 19. Re3 b5 20. Ne5 Bd5
21. Rae1 Bc4 22. Nxc4 bxc4 23. Qc2 Rb6 24. Qe2 Rfb8 25. Qxc4 Rb2 26. R3e2 Rxe2 27. Qxe2 Qa3 28. c4 Rb2 29. Qe3 Qxa2 30. Rc1 Rb1
31. c5 Qa1
0-1

[Event "Standard Master Norm 30+3"]
[Site "SchemingMind.com"]
[Date "2009.04.11"]
[Round "-"]
[White "jsummers"]
[Black "calipo"]
[Result "0-1"]
[WhiteCountry "USA"]
[BlackCountry "ARG"]
[WhiteElo "2038"]
[WhiteRD "107"]
[BlackElo "2366"]
[BlackRD "87"]
[GameID "199965"]

1. e4 c5 2. Nf3 d6 3. d4 cxd4 4. Nxd4 Nf6 5. Nc3 a6 6. f4 e5 7. Nf3 Nbd7 8. a4 Be7 9. Bc4 O-O 10. O-O exf4
11. Bxf4 Nc5 12. Qd4 Be6 13. Rad1 Rc8 14. Be2 Re8 15. b4 Ncd7 16. Ng5 Qb6 17. Be3 Qc6 18. Bd2 Bc4 19. Bd3 Bd8 20. a5 h6
21. Nf3 b6 22. b5 axb5 23. a6 Nc5 24. a7 Ncxe4 25. Rfe1 d5 26. Ne5 Qa8 27. Nxe4 dxe4 28. Bxc4 bxc4 29. Nxc4 Be7 30. Nd6 Red8
31. Bb4 Rc6 32. Qe5 Bxd6 33. Rxd6 Rdxd6 34. Bxd6 Qxa7 35. Re2 Qd7 36. Bb4 Rxc2 37. Re1 e3 38. h3 Qd5 39. Qxd5 Nxd5
0-1

[Event "Standard Master Norm 30+3"]
[Site "SchemingMind.com"]
[Date "2009.04.11"]
[Round "-"]
[White "jsummers"]
[Black "Milan"]
[Result "0-1"]
[WhiteCountry "USA"]
[BlackCountry "CZE"]
[WhiteElo "1884"]
[WhiteRD "138"]
[BlackElo "1834"]
[BlackRD "62"]
[GameID "199966"]

1. e4 c6 2. d4 d5 3. exd5 cxd5 4. c4 e6 5. Nf3 Nf6 6. a3 Be7 7. Be2 O-O 8. O-O Nc6 9. Nc3 Qc7 10. Nb5 Qd8
11. Bf4 a6 12. Nc3 dxc4 13. Bxc4 Bd6 14. Bg5 Be7 15. Bd3 h6 16. Bf4 Bd6 17. Be5 Qe7 18. Qc1 Ng4 19. Bxd6 Qxd6 20. Rd1 Nf6
21. Ne4 Nxe4 22. Bxe4 Bd7 23. d5 exd5 24. Rxd5 Qe6 25. Bf5 Qxd5
0-1

[Event "Standard Master Norm 30+3"]
[Site "SchemingMind.com"]
[Date "2009.04.16"]
[Round "-"]
[White "jsummers"]
[Black "sthorwall"]
[Result "1-0"]
[WhiteCountry "USA"]
[BlackCountry "USA"]
[WhiteElo "2002"]
[WhiteRD "127"]
[BlackElo "1883"]
[BlackRD "59"]
[GameID "199967"]

1. e4 e5 2. Nf3 Nc6 3. Bb5 a6 4. Ba4 Nf6 5. O-O Be7 6. Re1 b5 7. Bb3 O-O 8. c3 d5 9. exd5 Nxd5 10. Nxe5 Nxe5
11. Rxe5 c6 12. d4 Bd6 13. Re1 Qh4 14. g3 Qh3 15. Re4 f5 16. Rh4 Qxh4 17. gxh4 Bb7 18. c4 bxc4 19. Bxc4 Kh8 20. Nc3 Rab8
21. Bg5 Nf6 22. h5 c5 23. h6 gxh6 24. dxc5 Bxc5 25. Bxh6 Ng4 26. Bxf8 Bxf2+ 27. Kf1 Ne3+ 28. Kxf2 Nxd1+ 29. Rxd1 Rxf8 30. Rd7 Rb8
31. b3
1-0

[Event "Standard Master Norm 30+3"]
[Site "SchemingMind.com"]
[Date "2009.04.11"]
[Round "-"]
[White "calipo"]
[Black "jsummers"]
[Result "1-0"]
[WhiteCountry "ARG"]
[BlackCountry "USA"]
[WhiteElo "2366"]
[WhiteRD "87"]
[BlackElo "2038"]
[BlackRD "107"]
[GameID "199968"]

1. e4 c5 2. Nf3 Nc6 3. d4 Nxd4 4. Nxd4 cxd4 5. Qxd4 e6 6. Nc3 Ne7 7. Nb5 Nc6 8. Nd6+ Bxd6 9. Qxd6 Qe7 10. Bf4 e5
11. Qxe7+ Kxe7 12. Be3 Rd8 13. O-O-O d6 14. b3 Be6 15. Be2 d5 16. exd5 Bxd5 17. f3 b6 18. Bd3 g6 19. Bd2 f6 20. h4 Bf7
21. h5 Rac8 22. Kb2 gxh5 23. Bf5 Rc7 24. Bxh7 Rcd7 25. Kc1 Nd4 26. Bd3 a5 27. Be3 a4 28. bxa4 Rd6 29. Bd2 Nc6 30. f4 Ra8
31. fxe5 fxe5 32. g4 hxg4 33. Bg5+ Kd7 34. Bf5+ Kc7 35. Rh7 Rxd1+ 36. Kxd1 Nd8 37. Bxd8+ Rxd8+ 38. Ke2 Rf8 39. Bg6 Kd6 40. Bxf7 g3
41. Bb3 Rf2+ 42. Ke3 Rf1 43. Rg7 Rg1 44. Kf3 Rf1+ 45. Kg2
1-0

[Event "Standard Master Norm 30+3"]
[Site "SchemingMind.com"]
[Date "2009.04.11"]
[Round "-"]
[White "Milan"]
[Black "jsummers"]
[Result "0-1"]
[WhiteCountry "CZE"]
[BlackCountry "USA"]
[WhiteElo "1834"]
[WhiteRD "62"]
[BlackElo "1884"]
[BlackRD "138"]
[GameID "199969"]

1. d4 Nf6 2. Nf3 e6 3. e3 c5 4. dxc5 Bxc5 5. a3 d5 6. b4 Bd6 7. Bb2 a5 8. b5 Nbd7 9. Be2 O-O 10. O-O e5
11. c4 e4 12. Nd4 Qc7 13. cxd5 Bxh2+ 14. Kh1 Nxd5 15. Nd2 N7f6 16. Rc1 Qd6 17. Nc4 Qb8 18. Nd2 Bd7 19. Qb3 a4 20. Qa2 Nb6
21. Qb1 Re8 22. Nc4 Nxc4 23. Bxc4 Ng4 24. Qa2 Re7 25. Be2 Bg1 26. f4 exf3 27. Nxf3 Bxe3 28. Rc4 Qd6 29. Rxg4 Bxg4
0-1

[Event "Standard Master Norm 30+3"]
[Site "SchemingMind.com"]
[Date "2009.04.16"]
[Round "-"]
[White "sthorwall"]
[Black "jsummers"]
[Result "0-1"]
[WhiteCountry "USA"]
[BlackCountry "USA"]
[WhiteElo "1839"]
[WhiteRD "57"]
[BlackElo "1884"]
[BlackRD "138"]
[GameID "199970"]

1. e4 d6 2. d4 g6 3. Nf3 Bg7 4. Nc3 Nf6 5. Be3 c6 6. Qd2 O-O 7. Bh6 d5 8. Bd3 dxe4 9. Bxg7 Kxg7 10. Bxe4 b5
11. Ne5 b4 12. Bxc6 Nxc6 13. Nxc6 bxc3 14. Qxc3 Qd6 15. O-O-O Ne4
0-1

[Event "Standard Master Norm 30+3"]
[Site "SchemingMind.com"]
[Date "2009.04.11"]
[Round "-"]
[White "satya"]
[Black "Milan"]
[Result "1-0"]
[WhiteCountry "IND"]
[BlackCountry "CZE"]
[WhiteElo "2123"]
[WhiteRD "174"]
[BlackElo "1800"]
[BlackRD "58"]
[GameID "199974"]

1. c4 c6 2. d4 d5 3. Nf3 Nf6 4. Nc3 a6 5. e3 b5 6. c5 Nbd7 7. Bd2 a5 8. a3 Qc7 9. Be2 e5 10. O-O e4
11. Ng5 h6 12. Nh3 Be7 13. f3 Nf8 14. fxe4 Nxe4 15. Nxe4 dxe4 16. Nf2 Bf5 17. Qc2 Bh7 18. a4 b4 19. Nxe4 Ne6 20. Bd3 Ng5
21. Rf2 Nxe4 22. Bxe4 Bxe4 23. Qxe4 O-O 24. Raf1 Rae8 25. Qd3 Bg5 26. e4 Bxd2 27. Rxd2 Re7 28. Rdf2 Rd7 29. Rf5 Qd8 30. d5 cxd5
31. exd5 Qc7 32. d6 Re8 33. dxc7 Rxd3 34. Rxf7 Rde3 35. Rf8+
1-0

[Event "Standard Master Norm 30+3"]
[Site "SchemingMind.com"]
[Date "2009.04.16"]
[Round "-"]
[White "satya"]
[Black "sthorwall"]
[Result "0-1"]
[WhiteCountry "IND"]
[BlackCountry "USA"]
[WhiteElo "1782"]
[WhiteRD "109"]
[BlackElo "1939"]
[BlackRD "68"]
[GameID "199975"]

1. e4 c6 2. d4 d5 3. e5 Bf5 4. Bd3 Bxd3 5. Qxd3 e6 6. Ne2 Qa5+ 7. c3 Qa6 8. Qxa6 Nxa6 9. O-O Ne7 10. Be3 Nf5
11. Nd2 Be7
0-1

[Event "Standard Master Norm 30+3"]
[Site "SchemingMind.com"]
[Date "2009.04.11"]
[Round "-"]
[White "satya"]
[Black "jsummers"]
[Result "0-1"]
[WhiteCountry "IND"]
[BlackCountry "USA"]
[WhiteElo "1782"]
[WhiteRD "109"]
[BlackElo "2038"]
[BlackRD "107"]
[GameID "199976"]

1. d4 Nf6 2. c4 e6 3. Nc3 Bb4 4. Bd2 O-O 5. e3 c5 6. a3 Bxc3 7. Bxc3 d5 8. dxc5 Ne4 9. Qc2 Na6 10. b4 b6
11. c6 Nc7 12. Bd4 Qd6 13. cxd5 exd5 14. f3 Ng5 15. Bd3 Re8 16. h4 Qh6 17. Kf2 Nge6 18. Bb2 d4 19. Re1 Ba6 20. Bxa6 Nxa6
21. exd4 Nac7 22. Ne2 Rac8 23. Ng3 Nf4
0-1

[Event "Standard Master Norm 30+3"]
[Site "SchemingMind.com"]
[Date "2009.04.11"]
[Round "-"]
[White "Milan"]
[Black "satya"]
[Result "0-1"]
[WhiteCountry "CZE"]
[BlackCountry "IND"]
[WhiteElo "1800"]
[WhiteRD "58"]
[BlackElo "2123"]
[BlackRD "174"]
[GameID "199978"]

1. d4 e6 2. Nf3 c5 3. dxc5 Bxc5 4. a3 d5 5. b4 Bd6 6. Bb2 Nf6 7. e3 a5 8. b5 Nbd7 9. a4 O-O 10. c4 Bb4+
11. Bc3 Nc5 12. Bxb4 axb4 13. Be2 b6 14. O-O Nfe4 15. cxd5 exd5 16. Nd4 Qg5 17. Nf3 Qf6 18. Qd4 Bg4 19. Qxf6 Nxf6 20. Nd4 Bxe2
21. Nxe2 Rxa4 22. Rxa4 Nxa4 23. Nd4 Ra8 24. Nc6 b3 25. Nb4 Ra5 26. Rc1 Nc5 27. Nc3 b2 28. Rb1 Nfe4 29. Nxe4 Nxe4 30. Nc2 Rxb5
0-1

[Event "Standard Master Norm 30+3"]
[Site "SchemingMind.com"]
[Date "2009.04.16"]
[Round "-"]
[White "sthorwall"]
[Black "satya"]
[Result "1-0"]
[WhiteCountry "USA"]
[BlackCountry "IND"]
[WhiteElo "1939"]
[WhiteRD "68"]
[BlackElo "1782"]
[BlackRD "109"]
[GameID "199979"]

1. e4 e5 2. f4 exf4 3. Nf3 g5 4. h4 g4 5. Ne5 d6 6. Nxg4 Nf6 7. Nxf6+ Qxf6 8. Nc3 Nc6 9. Nd5 Qg6 10. Qf3 Nd4
11. Qd3 Nxc2+ 12. Kd1
1-0

[Event "Standard Master Norm 30+3"]
[Site "SchemingMind.com"]
[Date "2009.04.16"]
[Round "-"]
[White "jsummers"]
[Black "satya"]
[Result "1-0"]
[WhiteCountry "USA"]
[BlackCountry "IND"]
[WhiteElo "2038"]
[WhiteRD "107"]
[BlackElo "1782"]
[BlackRD "109"]
[GameID "199980"]

1. e4 e6 2. d4 d5 3. Nc3 Nf6 4. Bg5 Bb4 5. e5 h6 6. exf6 hxg5 7. fxg7 Rg8 8. Qd3 Rxg7 9. O-O-O Nd7 10. Nf3 g4
11. Nd2 c5 12. Nb5 a6 13. Nd6+ Ke7 14. c3 Kxd6 15. cxb4 cxb4 16. Kb1 Qh4 17. Qb3 a5 18. Qe3
1-0

[Event "Standard Master Norm 30+3"]
[Site "SchemingMind.com"]
[Date "2009.04.11"]
[Round "-"]
[White "Girkassa"]
[Black "calipo"]
[Result "0-1"]
[WhiteCountry "NOR"]
[BlackCountry "ARG"]
[WhiteElo "2265"]
[WhiteRD "87"]
[BlackElo "2376"]
[BlackRD "93"]
[GameID "199984"]

1. d4 Nf6 2. c4 g6 3. Nc3 Bg7 4. e4 O-O 5. Nf3 d6 6. Be2 e5 7. O-O Nc6 8. d5 Ne7 9. Ne1 Nd7 10. Be3 f5
11. f3 f4 12. Bf2 g5 13. Rc1 Rf6 14. c5 Nxc5 15. b4 Na6 16. Nb5 Bd7 17. Nxa7 Nxb4 18. Qb3 b6 19. Nb5 Bxb5 20. Bxb5 Na6
21. Nd3 Rf7 22. Bxa6 Rxa6 23. Rc4 Qd7 24. Rfc1 Ra7 25. Be1 g4 26. fxg4 Qxg4 27. Nf2 Qd7 28. Qh3 Qxh3 29. Nxh3 Ng6 30. Ng5 Re7
31. Ne6 c5 32. dxc6 Rxe6 33. c7 Ne7 34. c8=Q+ Nxc8 35. Rxc8+ Kf7 36. R1c2 Ra4 37. Bh4 Bf6 38. Bxf6 Rxf6 39. R8c4 Rxc4 40. Rxc4 Ke6
41. Rb4 Rf7 42. Rxb6 Ra7 43. Rb2 Ra4 44. Re2 d5 45. exd5+ Kxd5 46. Kf2 e4 47. Rc2 Kd4 48. Ke2 Rb4 49. Kd2 Rb1 50. Ke2 e3
51. g3 f3+ 52. Kxf3 Kd3 53. Rc8 Rf1+ 54. Kg4 e2 55. Re8 e1=Q 56. Rxe1 Rxe1 57. Kg5 Ke4
0-1

[Event "Standard Master Norm 30+3"]
[Site "SchemingMind.com"]
[Date "2009.04.11"]
[Round "-"]
[White "Girkassa"]
[Black "Milan"]
[Result "1-0"]
[WhiteCountry "NOR"]
[BlackCountry "CZE"]
[WhiteElo "2203"]
[WhiteRD "101"]
[BlackElo "1790"]
[BlackRD "56"]
[GameID "199985"]

1. d4 d5 2. c4 c6 3. Nf3 Nf6 4. Nc3 a6 5. c5 Bf5 6. Bf4 e6 7. e3 h6 8. Nd2 Nbd7 9. Be2 Be7 10. b4 O-O
11. O-O b6 12. Bf3 bxc5 13. bxc5 Qa5 14. Qc1 Nh7 15. e4 dxe4 16. Ncxe4 Bxe4 17. Nxe4 Rfc8 18. Rb1 Ndf6 19. Rb7 Qd8 20. Nd6 Bxd6
21. Bxd6 Ne8 22. Bh5 Nxd6 23. cxd6 Qxd6 24. Bxf7+ Kf8 25. Qc2 Nf6 26. Re1 Qxd4 27. Bxe6 Re8 28. Rf7+
1-0

[Event "Standard Master Norm 30+3"]
[Site "SchemingMind.com"]
[Date "2009.04.16"]
[Round "-"]
[White "Girkassa"]
[Black "sthorwall"]
[Result "1-0"]
[WhiteCountry "NOR"]
[BlackCountry "USA"]
[WhiteElo "2202"]
[WhiteRD "92"]
[BlackElo "1957"]
[BlackRD "70"]
[GameID "199986"]

1. d4 d5 2. c4 e5 3. dxe5 d4 4. Nf3 Nc6 5. g3 Bc5 6. Bg2 f6 7. exf6 Nxf6 8. O-O O-O 9. Bg5 h6 10. Bxf6 Qxf6
11. Nbd2 Be6 12. Ne4 Qe7 13. Rc1 Rad8 14. Qa4 d3 15. exd3 Rxd3 16. Qb5 Bb6 17. c5 Rdxf3 18. cxb6 R3f5 19. Qe2 axb6 20. Nc3 Nd4
21. Qe4 c5 22. f4 R5f7 23. Rfe1 Re8 24. Kf2 b5 25. Nd5 Qd6 26. Qe5 Qxe5 27. Rxe5 Rc8 28. Rce1 Re8 29. Bh3 Rd7 30. Nc3 Rde7
31. f5 Rf8 32. Rxc5 b6 33. Rce5 Bxf5 34. Bxf5 Rxe5 35. Rxe5 b4 36. Nd5 Nxf5 37. Kg2 g6 38. Nxb4 Kf7 39. Nd5 Rc8 40. Kf2 b5
41. g4 Rc2+ 42. Re2 Rc5 43. Rd2 Ne7 44. Nxe7 Kxe7 45. Ke1 h5 46. gxh5 gxh5 47. Kd1 Ke6 48. Rd3 Rg5 49. Kc2 Rg2+ 50. Rd2 Rg4
51. h3 Rh4 52. Rd3 Ke5 53. a3 Rf4 54. Rb3 Rc4+ 55. Rc3 Ra4 56. Rc5+
1-0

[Event "Standard Master Norm 30+3"]
[Site "SchemingMind.com"]
[Date "2009.04.11"]
[Round "-"]
[White "Girkassa"]
[Black "jsummers"]
[Result "0-1"]
[WhiteCountry "NOR"]
[BlackCountry "USA"]
[WhiteElo "2203"]
[WhiteRD "101"]
[BlackElo "2002"]
[BlackRD "127"]
[GameID "199987"]

1. d4 Nf6 2. c4 g6 3. Nc3 Bg7 4. e4 d6 5. Nf3 O-O 6. Be2 Nc6 7. d5 Nb4 8. O-O e6 9. Be3 Re8 10. Nd2 exd5
11. cxd5 a5 12. Rc1 Qe7 13. Qb3 Ng4 14. Bxg4 Bxg4 15. Qc4 Rac8 16. Nb3 c5 17. Nxa5 b6 18. Nb3 Rb8 19. f3 Bc8 20. a4 Bxc3
21. Qxc3 Na2 22. Qd2 Nxc1 23. Qxc1 Ra8 24. a5 bxa5 25. Qc3 f5 26. Nxa5 Ba6 27. Re1 fxe4 28. Bh6 Qf7 29. Nc6 exf3 30. gxf3 Rxe1+
31. Qxe1 Qxf3 32. Ne7+ Kh8 33. Bd2 Kg7 34. Bc3+ Kf8 35. Nc6 Qg4+ 36. Kh1 Be2
0-1

[Event "Standard Master Norm 30+3"]
[Site "SchemingMind.com"]
[Date "2009.04.11"]
[Round "-"]
[White "Girkassa"]
[Black "satya"]
[Result "1-0"]
[WhiteCountry "NOR"]
[BlackCountry "IND"]
[WhiteElo "2267"]
[WhiteRD "96"]
[BlackElo "1782"]
[BlackRD "109"]
[GameID "199988"]

1. d4 d5 2. c4 e6 3. Nc3 Nf6 4. cxd5 exd5 5. Bg5 Be7 6. Qc2 c6 7. e3 Nbd7 8. Bd3 O-O 9. Nge2 Re8 10. O-O h6
11. Bh4 Qc7 12. Bg3 Bd6 13. Nb5 cxb5 14. Qxc7 Bxc7 15. Bxc7 a6 16. Rac1 Nb8 17. Be5
1-0

[Event "Standard Master Norm 30+3"]
[Site "SchemingMind.com"]
[Date "2009.04.13"]
[Round "-"]
[White "calipo"]
[Black "Girkassa"]
[Result "1-0"]
[WhiteCountry "ARG"]
[BlackCountry "NOR"]
[WhiteElo "2364"]
[WhiteRD "90"]
[BlackElo "2202"]
[BlackRD "92"]
[GameID "199989"]

1. e4 e5 2. Nf3 Nc6 3. Bb5 a6 4. Ba4 Nf6 5. O-O Be7 6. Re1 b5 7. Bb3 d6 8. c3 O-O 9. h3 Nb8 10. Qc2 Nbd7
11. d3 Nc5 12. Be3 Nxb3 13. axb3 c6 14. d4 Qc7 15. c4 Re8 16. dxe5 dxe5 17. cxb5 c5 18. Nbd2 Bb7 19. bxa6 Bxa6 20. Rec1 Red8
21. Qc3 Bb7 22. Rxa8 Bxa8 23. Qc4 Nd7 24. b4 Qb7 25. bxc5 Qxb2 26. c6 Rc8 27. Rb1 Qa3 28. cxd7 Rxc4 29. Rb8+ Bf8 30. Nxc4
1-0

[Event "Standard Master Norm 30+3"]
[Site "SchemingMind.com"]
[Date "2009.04.11"]
[Round "-"]
[White "Milan"]
[Black "Girkassa"]
[Result "0-1"]
[WhiteCountry "CZE"]
[BlackCountry "NOR"]
[WhiteElo "1790"]
[WhiteRD "56"]
[BlackElo "2203"]
[BlackRD "101"]
[GameID "199990"]

1. d4 Nf6 2. Nf3 e6 3. e3 b6 4. Bd3 Bb7 5. O-O d5 6. Nbd2 Bd6 7. Ne5 O-O 8. f4 c5 9. c3 Ne4 10. Qf3 f5
11. g4 Ba6 12. Bxa6 Nxa6 13. gxf5 exf5 14. Kh1 Nc7 15. Rg1 Ne6 16. Nxe4 fxe4 17. Qg4 Qe7 18. Bd2 Bxe5 19. fxe5 c4 20. Raf1 Rf7
21. Rxf7 Qxf7 22. Be1 b5 23. Bh4 a5 24. a3 Rf8 25. Bf6 Kh8 26. Bh4 Qe8 27. Qe2= Rf3 28. Rf1 Qh5 29. Rxf3 exf3 30. Qf2 Qf5
31. Bg3 Qb1+
0-1

[Event "Standard Master Norm 30+3"]
[Site "SchemingMind.com"]
[Date "2009.04.16"]
[Round "-"]
[White "sthorwall"]
[Black "Girkassa"]
[Result "1/2-1/2"]
[WhiteCountry "USA"]
[BlackCountry "NOR"]
[WhiteElo "1883"]
[WhiteRD "59"]
[BlackElo "2203"]
[BlackRD "101"]
[GameID "199991"]

1. e4 e5 2. Nf3 Nc6 3. Bb5 a6 4. Ba4 Nf6 5. O-O Be7 6. Re1 b5 7. Bb3 d6 8. c3 O-O 9. h3 Nb8 10. d4 Nbd7
11. Nbd2 Bb7 12. Bc2 Re8 13. Nf1 Bf8 14. Ng3 g6 15. a4 Bg7 16. Bd3 c6 17. Bg5 h6 18. Be3 Qc7 19. b4 d5 20. Qd2 dxe4
21. Nxe4 Nxe4 22. Bxe4 exd4 23. Bxd4 Rad8 24. axb5 cxb5 25. Bxg7 Kxg7 26. Bxb7 Qxb7 27. Rxe8 Rxe8 28. Qd4+ Nf6 29. c4 Re4 30. Qb2 bxc4
31. Nd2 Re2 32. Qc3 Kg8 33. Qxf6 Rxd2 34. Qc3 Qd7 35. Qxc4 Qd6 36. Rb1 Rd1+=
1/2-1/2

[Event "Standard Master Norm 30+3"]
[Site "SchemingMind.com"]
[Date "2009.04.11"]
[Round "-"]
[White "jsummers"]
[Black "Girkassa"]
[Result "1/2-1/2"]
[WhiteCountry "USA"]
[BlackCountry "NOR"]
[WhiteElo "2022"]
[WhiteRD "126"]
[BlackElo "2190"]
[BlackRD "103"]
[GameID "199992"]

1. e4 e5 2. Nf3 Nc6 3. Bb5 a6 4. Ba4 Nf6 5. O-O Be7 6. Re1 b5 7. Bb3 d6 8. c3 O-O 9. h3 Nb8 10. d4 Nbd7
11. Nbd2 Bb7 12. Bc2 Re8 13. Nf1 Bf8 14. Ng3 g6 15. d5 c6 16. dxc6 Bxc6 17. Bg5 h6 18. Be3 Qc7 19. Nh2 h5 20. Bg5 Nh7
21. Be3 Ndf6 22. Nf3 Qb7 23. Qd2 Nxe4 24. Nxe4 Bxe4 25. Bxe4 Qxe4 26. Rad1 Qc6 27. Bh6 Rad8 28. Bxf8 Nxf8 29. Qh6 Qc4 30. a3 Ne6
31. Nd2 Qc7 32. Nf3 Qe7 33. a4 Qf8 34. Qd2 bxa4 35. Qe3 Rb8 36. Rd2 Nc5 37. Red1 Rb6 38. Ne1 Reb8 39. Nd3 Nxd3 40. Qxd3 Qc8
41. Qe2 a3 42. bxa3 Qc5 43. a4 Rc6 44. Qf3 Kg7 45. Rd5 Qa3 46. Rxe5 Rxc3 47. Qd5 dxe5 48. Qxe5+ Kh7 49. Qxb8 Qxa4 50. Rd8 Qa1+
51. Kh2 Rc1 52. Qf4 Rh1+ 53. Kg3 Qa3+ 54. f3 Qe7 55. Qd4 Qe1+ 56. Kf4 Qc1+=
1/2-1/2

[Event "Standard Master Norm 30+3"]
[Site "SchemingMind.com"]
[Date "2009.04.11"]
[Round "-"]
[White "satya"]
[Black "Girkassa"]
[Result "0-1"]
[WhiteCountry "IND"]
[BlackCountry "NOR"]
[WhiteElo "1782"]
[WhiteRD "109"]
[BlackElo "2267"]
[BlackRD "96"]
[GameID "199993"]

1. e4 e5 2. Nf3 Nc6 3. d4 exd4 4. Nxd4 Nf6 5. Nxc6 bxc6 6. e5 Qe7 7. Qe2 Nd5 8. c4 Nb6 9. Nd2 a5 10. Qe4 g6
11. Bd3 Bg7 12. f4 O-O 13. O-O Ba6 14. b3 f5 15. Qe3 d6 16. Nf3 Nd7 17. Bb2 a4 18. Rfe1 Rab8
0-1